000 00836nam a22002057a 4500
999 _c5625
_d5625
003 AR-CdUCM
008 190312b ||||| |||| 00| 0 spa d
040 _aMUNICIPALIDAD PROVINCIAL DEL CUSCO
_cBIBLIOTECA MUNICIPAL DEL CUSCO
082 _a869.569 /
_bSA19
100 _aSamaniego, Antenor
_91771
245 _aCésar Vallejo :
_bsu poesía /
260 _aLima :
_bJuan Mejía Baca y P. L. Villanueva
_c1954.
300 _a141 páginas ;
_c21 cm.
500 _aDonación familia Nieto
505 _aContenido: El sentimiento indigena en la poesía de Vallejo -- El sentimiento indigena de la superstición al vaticinio -- El color, el paisaje y el hombre -- El hogar, célula de universalidad ...
650 _aBiografía - Cesar Vallejo
_916817
650 _aPoesia - interpretación
_916818
942 _2ddc
_cLIBROS
945 _aafb